000 00363nam a2200121Ia 4500
005 20260326100033.0
008 260326s9999||||xx |||||||||||||| ||und||
100 _aCirlot, Juan Eduardo
245 0 _aDiccionario Universal del Arte y los artistas :
_b Escultores /
_cJuan Eduardo Cirlot
260 _bGustavo Gili
650 _aDICCIONARIOS-ENCICLOPEDIAS
942 _cBK
999 _c6695
_d6695